Health financing revisited <a> practitioner's guide
Gespeichert in:
| 1. Verfasser: | |
|---|---|
| Weitere Verfasser: | |
| Format: | Buch |
| Sprache: | Englisch |
| Veröffentlicht: |
Washington, D.C.
<The> World Bank
2006
|
| Schlagworte: | |
| Tags: |
Keine Tags, Fügen Sie das erste Tag hinzu!
|
MARC
| LEADER | 00000nam$a2200000$$$4500 | ||
|---|---|---|---|
| 001 | 0042239 | ||
| 005 | 20240315115409.0 | ||
| 020 | |a 0-8213-6585-1 | ||
| 041 | 0 | |a eng | |
| 044 | |a US | ||
| 245 | 1 | 0 | |a Health financing revisited |b <a> practitioner's guide |c Pablo Gottret, George Schieber |
| 264 | 1 | |a Washington, D.C. |b <The> World Bank |c 2006 | |
| 300 | |a 318 s. | ||
| 610 | 2 | 0 | |a zdravie |
| 610 | 2 | 0 | |a zdravotníctvo |
| 610 | 2 | 0 | |a starostlivosť zdravotná |
| 610 | 2 | 0 | |a financovanie |
| 610 | 2 | 0 | |a politika |
| 610 | 2 | 0 | |a výdavky |
| 610 | 2 | 0 | |a chorobnosť |
| 610 | 2 | 0 | |a služby obyvateľstvu |
| 610 | 2 | 0 | |a príjmy |
| 610 | 2 | 0 | |a krajiny rozvojové |
| 610 | 2 | 0 | |a krajiny tranzitívne |
| 610 | 2 | 0 | |a krajiny vyspelé |
| 610 | 2 | 0 | |a porovnanie medzinárodné |
| 610 | 2 | 0 | |a svet |
| 100 | 1 | |a Gottret, Pablo | |
| 700 | 1 | |a Schieber, George | |